00790nam a2200241 i 4500003000400000005001700004008004100021020003900062040002500101082001400126090001800140100003900158245011900197264004200316264001100358300004300369336002100412337002500433338002300458650003700481942001100518999001900529OSt20260421153906.0260421t20252025nyua grb 000 0 eng d a9798888457436cRM 186.90qhardback aPPAKbengcPPAKerda04223a158.100a158.1bHARdG1 aHarris, Bernard A.,cJr.,eauthor.10aEMBRACING INFINITE PISSIBILITIES :bLETTING GO OF FEAR TO FIND YOUR HIGHEST POTENTIAL /cDR. BERNARD A. HARRIS JR. 1aNew York : bSavio Republic, c[2025] 4c©2025 ax, 163 pages :billustrations ;c22 cm atext2rdacontent aunmediated2rdamedia avolume2rdacarrier10aSelf-actualization (Psychology)  2ddccB c203962d203962